| 000 | 00583nam a2200193Ia 4500 | ||
|---|---|---|---|
| 005 | 20250508153642.0 | ||
| 008 | 008 250505s9999 xx 000 0 eng d | ||
| 020 | _a0-7099-0644-7 | ||
| 037 | _aTextual | ||
| 040 |
_aFEDL _beng _cFEDL |
||
| 041 |
_aeng _2eng |
||
| 084 |
_a910.7, GAR _qFEDL |
||
| 100 |
_aGarnett Olive _9348397 |
||
| 245 | 0 | _aFundamentals in school geography: A book for teachers and students in training | |
| 260 |
_aLondon, UK _bGeorge G. Harrap and Co. Ltd _c1934 |
||
| 300 | _a331p. | ||
| 942 |
_cTEXL _h910.7, GAR |
||
| 999 |
_c1344634 _d1344634 |
||